|
|
แสดงรายละเอียดบรรณานุกรม |
|
|
Brief Record
: Get Marc (ISO 2709)
: E-mail record
: |
| LEADER 00000nama 2200000uu 4500 | |||
| 008 040531s|||| th m m a000 0 tha d | |||
| 020 978-974-8455-00-6 | |||
| 041 tha | |||
| 050 วจ LB ศ675 | |||
| 100 ศุภวดี แถวเพีย...[และคนอื่นๆ]. | |||
| 245 รายงานการวิจัย เรื่องการศึกษาการใช้แฟ้มสะสมงานต่อความสามารถในการคิดวิจารณญาณและผลสัมฤทธิ์ทางการเรียนในการฝึกภาคปฏิบัติวิชาการพยาบาลสูติศาสตร์ 2 ของนักศึกษาพยาบาลศาสตรบัณฑิต(ต่อเนื่อง 2 ปี) ชั้นปีที่ 1 รุ่นที่ 14 วิทยาลัยพยาบาลศรีมหาสารคาม = The study of u | |||
| 260 มหาสารคาม. วิทยาลัยพยาบาลศรีมหาสารคาม. 2550. | |||
| 300 122แผ่น. | |||
| 650 แฟ้มผลงานการศึกษา. | |||
| 995 004 | |||
| คุณยังไม่ได้ล็อกอิน คุณสามารถมีกิจกรรมร่วมกับเว็บไซต์ได้ แต่ต้องล็อกอินก่อน :: |
|
| สถานะ | |||||||||
| 1. | หนังสือทั่วไป | วจ LB ศ675 | On Shelf ขอยืม | ||||||
| [แสดง 1/1 รายการ] | |||||||||
BibComment |
| คอมเมนท์ทรัพยากรรายการนี้ |
|
|